The Challenge of employment and basic needs in Africa : (Record no. 14736)
[ view plain ]
| 000 -LEADER | |
|---|---|
| fixed length control field | 00458nam a22001457a 4500 |
| 003 - CONTROL NUMBER IDENTIFIER | |
| control field | OSt |
| 005 - DATE AND TIME OF LATEST TRANSACTION | |
| control field | 20211025152118.0 |
| 008 - FIXED-LENGTH DATA ELEMENTS--GENERAL INFORMATION | |
| fixed length control field | 211025b |||||||| |||| 00| 0 eng d |
| 020 ## - INTERNATIONAL STANDARD BOOK NUMBER | |
| International Standard Book Number | 019572559X |
| 040 ## - CATALOGING SOURCE | |
| Transcribing agency | HU |
| 100 ## - MAIN ENTRY--PERSONAL NAME | |
| Personal name | Nigam, S. B. L. |
| 9 (RLIN) | 15363 |
| 245 ## - TITLE STATEMENT | |
| Title | The Challenge of employment and basic needs in Africa : |
| Remainder of title | essays in honour of Shyam B.L. Nigam, and to mark the tenth anniversary of JASPA |
| 300 ## - PHYSICAL DESCRIPTION | |
| Extent | Xii379P |
| Other physical details | PC |
| Dimensions | 24CM |
| 942 ## - ADDED ENTRY ELEMENTS (KOHA) | |
| Source of classification or shelving scheme | Dewey Decimal Classification |
| Koha item type | Books like text book referance book |
| Suppress in OPAC | No |
| Withdrawn status | Lost status | Source of classification or shelving scheme | Damaged status | Not for loan | Collection code | Home library | Current library | Shelving location | Date acquired | Total Checkouts | Full call number | Barcode | Date last seen | Copy number | Price effective from | Koha item type |
|---|---|---|---|---|---|---|---|---|---|---|---|---|---|---|---|---|
| Dewey Decimal Classification | Reference | Wondo Genet Library | Wondo Genet Library | General Stacks | 10/25/2021 | 331.2 NIG 1986 | WGCFNRL00004729 | 10/25/2021 | 1 | 10/25/2021 | Books like text book referance book |